| 000 | 00502nam a22001697a 4500 | ||
|---|---|---|---|
| 003 | OSt | ||
| 005 | 20250830032524.0 | ||
| 008 | 250830b |||||||| |||| 00| 0 eng d | ||
| 020 | _a616.3 P211f 1999 | ||
| 040 |
_aDWCL-Main lib _cOC |
||
| 082 |
_23rd ed. _aCirc.610.73 S918m 2001 |
||
| 100 | _aStright, Barbara R | ||
| 245 |
_aMaternal newborn nursing/ _cStright, Barbara R |
||
| 260 |
_aPhiladelphia : _b Lippincott, _cc2001. |
||
| 300 |
_axvi, 328 p. : _b ill. ; _c22 cm. |
||
| 942 |
_2ddc _cBK-CIRC _kCirc _n0 |
||
| 999 |
_c4406 _d4406 |
||